000 00416nam a22001697a 4500
005 20180425120026.0
008 160627b xxu||||| |||| 00| 0 eng d
020 _a81-259-1665-2
041 _aeng
082 _b10643
_a351
100 _aSuberamanyam, B.V.R.
_92951
245 _aConduct in Government
260 _aNew Delhi
_bVikas Publishing House,
300 _a189
650 _aManagement
_9241
942 _cBK
999 _c4265
_d4264